| 000 | 00593nam a2200157 a 4500 | ||
|---|---|---|---|
| 001 | 000007191 | ||
| 005 | 20250502073818.0 | ||
| 008 | 090907s1999 dr a 001 0 spa d | ||
| 040 |
_aDO-SdBNP _bspa _cBNPHU |
||
| 082 |
_axxx _bR426i |
||
| 110 | 1 |
_aRepública Dominicana. _bOficina Nacional de Administración y Personal _926398 |
|
| 245 | 1 | 0 | _aInstructivo de registro, control e información de personal del sector público. |
| 260 |
_aSanto Domingo : _bONAP, _c1999. |
||
| 300 |
_a158 p. : _bil ; _c21 cm. |
||
| 710 | 1 |
_aRepública Dominicana. _bOficina Nacional de Administración y Personal _926398 |
|
| 999 |
_c6972 _d6972 |
||